[Event "4. Torneo Puente Foral - Grupo B"]
[Site "Pamplona ESP"]
[Date "2009.12.01"]
[Round "1.1"]
[White "Navarrete Delgado, Sergio"]
[Black "Moreno Gracia, Daniel"]
[Result "1-0"]
[WhiteElo "2241"]
[BlackElo "2323"]
[PlyCount "127"]
[EventDate "2009.12.01"]
[EventType "tourn"]
[EventRounds "9"]
[EventCountry "ESP"]
[Source "lmi"]
[SourceDate "2009.12.01"]

1. e4 c5 2. Nf3 e6 3. d4 cxd4 4. Nxd4 Nf6 5. Nc3 d6 6. Be3 a6 7. a4 Nc6 8. Be2
Be7 9. Bf3 Qc7 10. O-O Ne5 11. Be2 Nc4 12. Bxc4 Qxc4 13. Qd3 Qxd3 14. cxd3 Ng4
15. Nc2 Nxe3 16. Nxe3 Bd7 17. Nc4 O-O-O 18. d4 Kb8 19. Nb6 Bc6 20. d5 Bd7 21.
Rfd1 Bf6 22. Rd3 Ka7 23. a5 Bb5 24. Nxb5+ axb5 25. Rc1 Bxb2 26. Rb1 Bf6 27.
Rxb5 Rhe8 28. f3 Ka6 29. Rb1 Re7 30. Nc4 Rc7 31. Rb6+ Ka7 32. Nxd6 Rxd6 33.
Rxd6 Be7 34. dxe6 Bxd6 35. Rxd6 fxe6 36. Rxe6 Rc5 37. Re7 g5 38. Rxh7 Rxa5 39.
Rf7 Ka6 40. Rf6+ b6 41. Kf2 Ra2+ 42. Kg3 Kb5 43. Rf5+ Kc4 44. Rxg5 b5 45. Rg8
b4 46. Rc8+ Kd4 47. Rb8 Kc4 48. Rc8+ Kd4 49. h4 b3 50. h5 b2 51. Rb8 Kc3 52.
Kf4 Ra8 53. Rb7 Ra7 54. Rb6 Ra3 55. Rc6+ Kd2 56. Rb6 Kc2 57. Rxb2+ Kxb2 58. e5
Kc3 59. h6 Kd4 60. h7 Ra8 61. Kf5 Kd5 62. f4 Rf8+ 63. Kg6 Ke6 64. Kg7 1-0

[Event "4. Torneo Puente Foral - Grupo B"]
[Site "Pamplona ESP"]
[Date "2009.12.01"]
[Round "1.2"]
[White "Cruz, Jonathan"]
[Black "Pogorelov, Ruslan"]
[Result "1/2-1/2"]
[WhiteElo "2343"]
[BlackElo "2469"]
[PlyCount "108"]
[EventDate "2009.12.01"]
[EventType "tourn"]
[EventRounds "9"]
[EventCountry "ESP"]
[Source "lmi"]
[SourceDate "2009.12.01"]

1. d4 Nf6 2. c4 e6 3. Nc3 Bb4 4. Qc2 c5 5. dxc5 O-O 6. a3 Bxc5 7. Nf3 Qb6 8. e3
Be7 9. e4 d6 10. Be3 Qc7 11. Nb5 Qc6 12. Nxa7 Qxe4 13. Bd3 Qg4 14. h3 Qh5 15.
Ke2 Qa5 16. b4 Qd8 17. Rhd1 Bd7 18. Kf1 Nc6 19. Nb5 Ne5 20. Nxe5 dxe5 21. Be2
Qc8 22. Nc3 Qc7 23. Qb3 Rfc8 24. a4 b6 25. Nb5 Qb8 26. a5 bxa5 27. bxa5 Ra6 28.
Bb6 Rxb6 29. axb6 Qxb6 30. Nd4 Qc7 31. Nc2 Bc5 32. Ne3 Rb8 33. Qc3 Bd4 34. Qa5
Bb6 35. Qa3 Bc5 36. Qa5 Bb6 37. Qd2 Bd4 38. Rab1 Rc8 39. Qb4 Bc6 40. Kg1 Ne4
41. Rd3 f5 42. Qe1 f4 43. Ng4 Nc5 44. Ra3 h5 45. Nh2 Ne4 46. Rf3 Ng3 47. Rd3
Ne4 48. Rf3 Ng3 49. Rfb3 Ne4 50. Rf3 Ng5 51. Rfb3 Ne4 52. Rf3 Ng5 53. Rfb3 Ne4
54. Rf3 Ng5 1/2-1/2

[Event "4. Torneo Puente Foral - Grupo B"]
[Site "Pamplona ESP"]
[Date "2009.12.01"]
[Round "1.3"]
[White "Astasio Lopez, David"]
[Black "Fayard, Alain"]
[Result "0-1"]
[WhiteElo "2340"]
[BlackElo "2253"]
[PlyCount "62"]
[EventDate "2009.12.01"]
[EventType "tourn"]
[EventRounds "9"]
[EventCountry "ESP"]
[Source "lmi"]
[SourceDate "2009.12.01"]

1. d4 Nf6 2. Nf3 g6 3. Nbd2 d5 4. e3 Bg7 5. b4 O-O 6. Bb2 c6 7. Be2 Qd6 8. a3
a5 9. c4 axb4 10. c5 Qc7 11. axb4 Rxa1 12. Qxa1 h6 13. O-O g5 14. Bc3 Bg4 15.
Bd3 Bxf3 16. Nxf3 Ne4 17. b5 Nd7 18. Ba5 Qb8 19. Qb1 f5 20. Qc2 Qe8 21. Bc7 Qh5
22. Nd2 e5 23. Nb3 g4 24. b6 Ng5 25. Kh1 f4 26. Bf5 f3 27. g3 Qh3 28. Rg1 Rxf5
29. Qxf5 Ne4 30. Qe6+ Kh8 31. Qe8+ Nf8 0-1

[Event "4. Torneo Puente Foral - Grupo B"]
[Site "Pamplona ESP"]
[Date "2009.12.01"]
[Round "1.4"]
[White "Forcen Esteban, Daniel"]
[Black "Movsziszian, Karen"]
[Result "0-1"]
[WhiteElo "2327"]
[BlackElo "2541"]
[PlyCount "118"]
[EventDate "2009.12.01"]
[EventType "tourn"]
[EventRounds "9"]
[EventCountry "ESP"]
[Source "lmi"]
[SourceDate "2009.12.01"]

1. e4 g6 2. d4 Bg7 3. Nc3 d6 4. Be3 a6 5. h4 h5 6. Nh3 Bxh3 7. Rxh3 Nf6 8. f3
Nbd7 9. Qd2 c6 10. Nd1 e5 11. Nf2 O-O 12. O-O-O Qc7 13. g4 Rad8 14. g5 Nh7 15.
f4 exf4 16. Bxf4 Rfe8 17. Rd3 Nhf8 18. Qb4 c5 19. dxc5 Qxc5 20. Qd2 Ne5 21. Rd5
Qc7 22. Rxd6 Ne6 23. Bg3 Rc8 24. Kb1 Nc4 25. Bxc4 Qxc4 26. e5 Re7 27. b3 Qb5
28. Ne4 Rec7 29. Nf6+ Kh8 30. Rd7 Rxc2 31. Qxc2 Rxc2 32. Kxc2 Bxf6 33. exf6
Qc6+ 34. Kb1 Qf3 35. R7d3 Qe4 36. Ka1 a5 37. Rc3 Kh7 38. Rd7 Qh1+ 39. Kb2 Qg2+
40. Ka3 b5 41. Rc8 b4+ 42. Ka4 Qxa2+ 43. Kb5 Qe2+ 44. Kxa5 Nd8 45. Rcc7 Qf3 46.
Bd6 Qd5+ 47. Bc5 Qa8+ 48. Kb6 Kg8 49. Be7 Qb8+ 50. Ka5 Ne6 51. Bd6 Nxc7 52.
Bxc7 Qb7 53. Re7 Qd5+ 54. Kxb4 Qd4+ 55. Ka3 Qxh4 56. Re8+ Kh7 57. Re7 Qxg5 58.
Rxf7+ Kh6 59. Bd6 Qa5+ 0-1

[Event "4. Torneo Puente Foral - Grupo B"]
[Site "Pamplona ESP"]
[Date "2009.12.01"]
[Round "1.5"]
[White "Lyell, Mark"]
[Black "Martin Alvarez, Inigo"]
[Result "0-1"]
[WhiteElo "2245"]
[BlackElo "2236"]
[PlyCount "34"]
[EventDate "2009.12.01"]
[EventType "tourn"]
[EventRounds "9"]
[EventCountry "ESP"]
[Source "lmi"]
[SourceDate "2009.12.01"]

1. e4 d6 2. Nc3 Nf6 3. f4 e5 4. Nf3 Nbd7 5. Bc4 Be7 6. O-O c6 7. fxe5 Nxe5 8.
Nxe5 dxe5 9. d3 O-O 10. Qf3 Be6 11. Bxe6 fxe6 12. Qh3 Bc5+ 13. Be3 Bxe3+ 14.
Qxe3 Ng4 15. Qc5 Qg5 16. Rxf8+ Rxf8 17. Qxa7 Qf4 0-1

[Event "4. Torneo Puente Foral - Grupo B"]
[Site "Pamplona ESP"]
[Date "2009.12.02"]
[Round "2.1"]
[White "Moreno Gracia, Daniel"]
[Black "Martin Alvarez, Inigo"]
[Result "1-0"]
[WhiteElo "2323"]
[BlackElo "2236"]
[PlyCount "49"]
[EventDate "2009.12.01"]
[EventType "tourn"]
[EventRounds "9"]
[EventCountry "ESP"]
[Source "lmi"]
[SourceDate "2009.12.01"]

1. c4 e5 2. Nc3 Nf6 3. Nf3 Nc6 4. a3 d5 5. cxd5 Nxd5 6. Qc2 Nxc3 7. bxc3 Bd6 8.
d4 Qe7 9. g3 Bg4 10. Bg2 exd4 11. Nxd4 Nxd4 12. cxd4 O-O 13. e3 c5 14. dxc5
Bxc5 15. Bb2 Bxe3 16. fxe3 Qxe3+ 17. Kf1 Rfe8 18. Bxb7 Rac8 19. Bxc8 Rxc8 20.
Qf2 Qe4 21. Kg1 Rc2 22. Re1 Be2 23. Qd4 Qxd4+ 24. Bxd4 f6 25. h4 1-0

[Event "4. Torneo Puente Foral - Grupo B"]
[Site "Pamplona ESP"]
[Date "2009.12.02"]
[Round "2.2"]
[White "Movsziszian, Karen"]
[Black "Lyell, Mark"]
[Result "1/2-1/2"]
[WhiteElo "2541"]
[BlackElo "2245"]
[PlyCount "120"]
[EventDate "2009.12.01"]
[EventType "tourn"]
[EventRounds "9"]
[EventCountry "ESP"]
[Source "lmi"]
[SourceDate "2009.12.01"]

1. g3 e5 2. Bg2 Nc6 3. d3 d5 4. a3 Nf6 5. b4 a6 6. Nd2 Be7 7. Bb2 O-O 8. c4 Re8
9. cxd5 Nxd5 10. Ngf3 Bf8 11. O-O g6 12. Rc1 Bg7 13. e4 Nb6 14. Qc2 Be6 15. Nb3
Nd7 16. Rfd1 Qe7 17. h3 Rad8 18. Kh2 Bh6 19. Rb1 f5 20. d4 fxe4 21. Nxe5 Bd5
22. Bxe4 Ndxe5 23. dxe5 Bxe4 24. Qxe4 Qf7 25. Qc2 Rxd1 26. Rxd1 Nxe5 27. Bxe5
Rxe5 28. Nc5 Rd5 29. Rxd5 Qxd5 30. Qe2 Bf8 31. Ne4 Qe6 32. h4 c5 33. bxc5 Bxc5
34. Qc2 Bxa3 35. Ng5 Qf6 36. f4 Bf8 37. Qb3+ Kg7 38. Qxb7+ Be7 39. Nf3 Qe6 40.
Ne5 Kg8 41. Kg2 Bf6 42. Nd3 Bd4 43. Nf2 Bxf2 44. Kxf2 Qd6 45. Ke3 Qa3+ 46. Kf2
Qc5+ 47. Kf3 a5 48. g4 Qc3+ 49. Kf2 Qd4+ 50. Kf3 a4 51. Qa8+ Kg7 52. Qb7+ Kg8
53. Qc8+ Kg7 54. Qc7+ Kg8 55. h5 Qd3+ 56. Kg2 gxh5 57. Qc8+ Kf7 58. Qc7+ Kg8
59. Qc8+ Kf7 60. Qc7+ Kg8 1/2-1/2

[Event "4. Torneo Puente Foral - Grupo B"]
[Site "Pamplona ESP"]
[Date "2009.12.02"]
[Round "2.3"]
[White "Fayard, Alain"]
[Black "Forcen Esteban, Daniel"]
[Result "0-1"]
[WhiteElo "2253"]
[BlackElo "2327"]
[PlyCount "58"]
[EventDate "2009.12.01"]
[EventType "tourn"]
[EventRounds "9"]
[EventCountry "ESP"]
[Source "lmi"]
[SourceDate "2009.12.01"]

1. d4 Nf6 2. c4 c5 3. d5 e6 4. Nc3 exd5 5. cxd5 d6 6. Nf3 g6 7. Qa4+ Nbd7 8.
Bf4 Be7 9. e3 O-O 10. Be2 a6 11. O-O b5 12. Qc2 b4 13. Ne4 Nxe4 14. Qxe4 Nb6
15. Qd3 Bf6 16. Rab1 Re8 17. e4 a5 18. Qc2 a4 19. Bb5 b3 20. axb3 axb3 21. Qxb3
Rxe4 22. Rfe1 Rb4 23. Qxb4 cxb4 24. Re8+ Qxe8 25. Bxe8 Bf5 26. Re1 Bxb2 27.
Bxd6 Bc3 28. Bc6 Bxe1 29. Bxa8 Bc3 0-1

[Event "4. Torneo Puente Foral - Grupo B"]
[Site "Pamplona ESP"]
[Date "2009.12.02"]
[Round "2.4"]
[White "Pogorelov, Ruslan"]
[Black "Astasio Lopez, David"]
[Result "1-0"]
[WhiteElo "2469"]
[BlackElo "2340"]
[PlyCount "125"]
[EventDate "2009.12.01"]
[EventType "tourn"]
[EventRounds "9"]
[EventCountry "ESP"]
[Source "lmi"]
[SourceDate "2009.12.01"]

1. Nf3 d5 2. d4 Nf6 3. c4 e6 4. Nc3 Be7 5. Bf4 O-O 6. e3 c5 7. dxc5 Bxc5 8.
cxd5 Nxd5 9. Nxd5 exd5 10. a3 Nc6 11. Bd3 Bb6 12. O-O d4 13. e4 Bg4 14. h3 Qf6
15. hxg4 Qxf4 16. Nh2 Ne5 17. g3 Qh6 18. Kg2 Rac8 19. f4 Nc4 20. Bxc4 Rxc4 21.
Qd3 Rfc8 22. Rf2 Qc6 23. Nf3 Rc2 24. Raf1 Qc4 25. Qxc4 R8xc4 26. Ne5 Rc7 27.
Nd3 h6 28. e5 Kf8 29. Kf3 a5 30. Ke4 Ke8 31. f5 R7c6 32. Rxc2 Rxc2 33. Rf2 Rc6
34. Re2 Ba7 35. Kf4 Bb8 36. g5 f6 37. gxf6 gxf6 38. Kf3 fxe5 39. Nxe5 Bxe5 40.
Rxe5+ Kf7 41. Rxa5 Rd6 42. Ke2 d3+ 43. Kd2 Kf6 44. Rb5 b6 45. a4 Kg5 46. b4 Kg4
47. Re5 Rd4 48. f6 Rxb4 49. Rf5 Kxf5 50. f7 Rxa4 51. f8=Q+ Kg4 52. Qg7+ Kf3 53.
Qxh6 Kxg3 54. Qd6+ Kh4 55. Qd8+ Kg3 56. Qxd3+ Kh4 57. Qd8+ Kg3 58. Qd6+ Kh4 59.
Ke3 Kg5 60. Qd8+ Kh6 61. Qxb6+ Kg7 62. Qc7+ Kh8 63. Qd8+ 1-0

[Event "4. Torneo Puente Foral - Grupo B"]
[Site "Pamplona ESP"]
[Date "2009.12.02"]
[Round "2.5"]
[White "Navarrete Delgado, Sergio"]
[Black "Cruz, Jonathan"]
[Result "0-1"]
[WhiteElo "2241"]
[BlackElo "2343"]
[PlyCount "98"]
[EventDate "2009.12.01"]
[EventType "tourn"]
[EventRounds "9"]
[EventCountry "ESP"]
[Source "lmi"]
[SourceDate "2009.12.01"]

1. e4 c5 2. Nf3 d6 3. d4 cxd4 4. Nxd4 Nf6 5. Nc3 a6 6. Be3 Ng4 7. Bc4 Nxe3 8.
fxe3 e6 9. O-O Be7 10. Rxf7 Kxf7 11. Qg4 g6 12. Rf1+ Kg7 13. Bxe6 Rf8 14. Rxf8
Qxf8 15. Bxc8 h5 16. Ne6+ Kh6 17. Qg3 Qf7 18. Nd5 Nc6 19. Bxb7 Rb8 20. Bxc6
Qxe6 21. b4 Rc8 22. Ba4 Qxe4 23. Qf4+ Qxf4 24. exf4 Bf8 25. Bb3 Bg7 26. c4 Bd4+
27. Kf1 g5 28. f5 Re8 29. Bc2 g4 30. a4 h4 31. g3 Be5 32. Kg2 Bxg3 33. Bd1 Be1
34. Nf6 Rf8 35. Nxg4+ Kg5 36. b5 axb5 37. axb5 Rxf5 38. h3 Ba5 39. Ne3 Rf4 40.
Bf3 Rd4 41. Bd5 Kf4 42. Ng4 Rd2+ 43. Kf1 Kg3 44. Ne3 Rf2+ 45. Kg1 Bb6 46. Nf1+
Kf4 47. Bf7 Kf3 48. Bd5+ Ke2 49. Nh2 Rf1+ 0-1

[Event "4. Torneo Puente Foral - Grupo B"]
[Site "Pamplona ESP"]
[Date "2009.12.03"]
[Round "3.1"]
[White "Cruz, Jonathan"]
[Black "Moreno Gracia, Daniel"]
[Result "1-0"]
[WhiteElo "2343"]
[BlackElo "2323"]
[PlyCount "71"]
[EventDate "2009.12.01"]
[EventType "tourn"]
[EventRounds "9"]
[EventCountry "ESP"]
[Source "lmi"]
[SourceDate "2009.12.01"]

1. d4 d5 2. Nf3 c6 3. g3 Nf6 4. Bg2 Nbd7 5. O-O e6 6. Qd3 Bd6 7. c4 dxc4 8.
Qxc4 e5 9. Rd1 Qe7 10. dxe5 Bxe5 11. Nxe5 Nxe5 12. Qc3 O-O 13. b3 Neg4 14. h3
Nxf2 15. Kxf2 Bxh3 16. Bf3 Ne4+ 17. Bxe4 Qxe4 18. Qf3 Qg6 19. Rd4 f5 20. Nc3
Bg4 21. Qg2 Rae8 22. Bf4 Qf6 23. Rad1 Re6 24. Kg1 Rfe8 25. R1d2 g5 26. Bc7 Qe7
27. Bd6 Rxd6 28. Rxd6 Qe3+ 29. Qf2 Qxc3 30. Rd8 Kf8 31. Kh2 Rxd8 32. Rxd8+ Ke7
33. Rd3 Qb4 34. Qe3+ Qe4 35. Qxg5+ Kf8 36. Qf6+ 1-0

[Event "4. Torneo Puente Foral - Grupo B"]
[Site "Pamplona ESP"]
[Date "2009.12.03"]
[Round "3.2"]
[White "Astasio Lopez, David"]
[Black "Navarrete Delgado, Sergio"]
[Result "1/2-1/2"]
[WhiteElo "2340"]
[BlackElo "2241"]
[PlyCount "120"]
[EventDate "2009.12.01"]
[EventType "tourn"]
[EventRounds "9"]
[EventCountry "ESP"]
[Source "lmi"]
[SourceDate "2009.12.01"]

1. d4 d5 2. Nf3 Nf6 3. Nbd2 e6 4. e3 c5 5. c3 Nc6 6. Bd3 Bd6 7. O-O O-O 8. Qe2
Qc7 9. dxc5 Bxc5 10. e4 Bd6 11. Re1 dxe4 12. Nxe4 Nxe4 13. Qxe4 f5 14. Qh4 Ne5
15. Nxe5 Bxe5 16. Be3 Bd7 17. Re2 Rac8 18. Bd4 Bf6 19. Bxf6 Rxf6 20. Qd4 b5 21.
Rae1 Rd8 22. Qe5 Qb7 23. Re3 Qb8 24. Qxb8 Rxb8 25. f4 Rff8 26. Bc2 Rfe8 27. Bb3
Rb6 28. Re5 Rd6 29. Rxf5 Rd2 30. Rfe5 Rxb2 31. f5 Bc6 32. Rxe6 Kf8 33. Rxe8+
Bxe8 34. Kf1 Bc6 35. Re2 Rxe2 36. Kxe2 Bxg2 37. Ke3 Ke7 38. Kf4 Kf6 39. a4 bxa4
40. Bxa4 Bh3 41. Bc2 a5 42. c4 a4 43. Bxa4 Bxf5 44. c5 g5+ 45. Ke3 Ke5 46. Bc6
h5 47. Bb7 h4 48. Bh1 Be6 49. Bb7 Bg4 50. Bf3 Bf5 51. Bb7 Be6 52. Bh1 g4 53.
Bb7 Bd5 54. Bc8 g3 55. hxg3 hxg3 56. Bh3 Bc6 57. Ke2 Kd4 58. Kf1 Kxc5 59. Kg1
Kd4 60. Be6 Ke3 1/2-1/2

[Event "4. Torneo Puente Foral - Grupo B"]
[Site "Pamplona ESP"]
[Date "2009.12.03"]
[Round "3.3"]
[White "Forcen Esteban, Daniel"]
[Black "Pogorelov, Ruslan"]
[Result "0-1"]
[WhiteElo "2327"]
[BlackElo "2469"]
[PlyCount "186"]
[EventDate "2009.12.01"]
[EventType "tourn"]
[EventRounds "9"]
[EventCountry "ESP"]
[Source "lmi"]
[SourceDate "2009.12.01"]

1. e4 c5 2. Nf3 e6 3. d4 cxd4 4. Nxd4 Nc6 5. Be2 Qc7 6. Nc3 a6 7. O-O Nf6 8.
Be3 Be7 9. f4 d6 10. Bf3 O-O 11. a4 Na5 12. Qd3 Nc4 13. Bc1 e5 14. Nde2 exf4
15. Nxf4 Be6 16. Be2 Qb6+ 17. Kh1 Ne5 18. Qg3 Qc6 19. Nxe6 fxe6 20. Qh3 d5 21.
exd5 exd5 22. Bf4 Ng6 23. Rad1 Bb4 24. Bd2 Rae8 25. Bd3 Bxc3 26. Bxc3 Ne4 27.
Bxe4 dxe4 28. Rfe1 Rf7 29. a5 Nf4 30. Qg4 e3 31. Rd4 Nd5 32. Re4 Ref8 33. Kg1
Nxc3 34. bxc3 Qxc3 35. Qe2 Qxa5 36. Qxe3 Qf5 37. h3 h6 38. Kh1 Kh7 39. c4 Rd7
40. Qg3 Rff7 41. Re8 Qf4 42. Qc3 Rd2 43. R8e3 Rf2 44. Rg3 Rf1+ 45. Rxf1 Qxf1+
46. Kh2 Qf5 47. Rf3 Qg6 48. Rg3 Qe4 49. Re3 Qf4+ 50. Rg3 h5 51. Kh1 Qe4 52. Qc1
g6 53. c5 Qe5 54. Rc3 Rc7 55. Rc4 Qd5 56. Rc3 Rf7 57. Qe1 Qc6 58. Qb1 Re7 59.
Qf1 a5 60. Qf2 a4 61. Rf3 Qd5 62. Rg3 Qe4 63. Kh2 Rd7 64. Kh1 Qc6 65. Qc2 Re7
66. Kh2 Re5 67. Rc3 Qc7 68. Kg1 Re1+ 69. Kf2 Ra1 70. Qe4 Rd1 71. Qe2 Qf4+ 72.
Rf3 Qh4+ 73. Rg3 Qd4+ 74. Qe3 Rd2+ 75. Kg1 Qxe3+ 76. Rxe3 Rb2 77. Ra3 Rb4 78.
Kh2 Kg7 79. Rc3 Rb5 80. Ra3 Ra5 81. Kg3 Kf6 82. Kf4 Ke6 83. Ke4 Kd7 84. Kd4 Kc6
85. g4 hxg4 86. hxg4 Kb5 87. Ra1 a3 88. Rb1+ Kc6 89. Ra1 a2 90. Kc4 Ra4+ 91.
Kb3 Kb5 92. g5 Ra5 93. Kc3 Kxc5 0-1

[Event "4. Torneo Puente Foral - Grupo B"]
[Site "Pamplona ESP"]
[Date "2009.12.03"]
[Round "3.4"]
[White "Lyell, Mark"]
[Black "Fayard, Alain"]
[Result "1-0"]
[WhiteElo "2245"]
[BlackElo "2253"]
[PlyCount "219"]
[EventDate "2009.12.01"]
[EventType "tourn"]
[EventRounds "9"]
[EventCountry "ESP"]
[Source "lmi"]
[SourceDate "2009.12.01"]

1. e4 e5 2. Nc3 Nf6 3. Bc4 Bc5 4. d3 d6 5. Na4 Nbd7 6. Nxc5 Nxc5 7. f4 O-O 8.
fxe5 dxe5 9. Nf3 Qd6 10. O-O Ncxe4 11. Qe2 b5 12. Bb3 Nc5 13. Qxe5 Re8 14. Qxd6
cxd6 15. Bf4 d5 16. Bg5 Bd7 17. Bxf6 Nxb3 18. axb3 gxf6 19. Nd4 f5 20. b4 a6
21. Rae1 Kg7 22. Rxe8 Rxe8 23. Kf2 Kf6 24. g3 Be6 25. Ke3 Kg5 26. Kd2 h5 27.
Rf4 Bd7 28. h4+ Kf6 29. Rf3 Be6 30. Ne2 Ke5 31. d4+ Kd6 32. Nf4 Rh8 33. Rc3 Bd7
34. Ke2 f6 35. Kf2 Rh6 36. Ra3 Bc8 37. Nd3 Rg6 38. Nf4 Rh6 39. Kf3 Rh7 40. Rc3
Bd7 41. Nd3 Rg7 42. Ra3 Bc8 43. Nf4 Rh7 44. Ra1 Rh8 45. c3 Rh7 46. Nd3 Rg7 47.
Re1 Rg8 48. Nf4 Rh8 49. Re3 Bd7 50. Re2 Rh7 51. Nd3 Rg7 52. Re1 Rg8 53. Nc5 Bc8
54. Ra1 Rg7 55. b3 Rg4 56. Nd3 Rg8 57. Nf4 Rh8 58. Re1 Bd7 59. Rc1 Rh7 60. Kf2
Rh8 61. Ra1 Bc8 62. Ke3 Rh7 63. Kd2 Rh8 64. Re1 Bd7 65. Rf1 Rh7 66. Rf3 Rh8 67.
Ke3 Rh7 68. Kf2 Rh8 69. Rd3 Rh7 70. Re3 Rh8 71. Rf3 Rh7 72. Ng2 Rh8 73. Ne3 Rh7
74. Nxf5+ Bxf5 75. Rxf5 Ke6 76. Rf3 Rc7 77. Ke2 Rc6 78. Kd3 Rc8 79. Kd2 Rc7 80.
Rf1 Rc8 81. Kd3 Rc7 82. Rf4 Rg7 83. Rf3 Rc7 84. Ke2 Rc8 85. Kf2 Rc7 86. Kg2 Re7
87. Kh3 Rg7 88. Re3+ Kf5 89. Kg2 Rg8 90. Kf3 Rc8 91. Kg2 Rc7 92. Rf3+ Kg6 93.
Kh3 Rg7 94. Rf2 Rc7 95. Ra2 Rc6 96. Re2 Kf5 97. Re3 Rc7 98. Rf3+ Ke6 99. g4
hxg4+ 100. Kxg4 Rg7+ 101. Kf4 Rh7 102. Rh3 Rh5 103. Kg4 Rh8 104. h5 Rh6 105.
Rh1 Kf7 106. Ra1 Kg7 107. Kh4 f5 108. Kg5 Rf6 109. Rf1 Rc6 110. Rf3 1-0

[Event "4. Torneo Puente Foral - Grupo B"]
[Site "Pamplona ESP"]
[Date "2009.12.03"]
[Round "3.5"]
[White "Martin Alvarez, Inigo"]
[Black "Movsziszian, Karen"]
[Result "1-0"]
[WhiteElo "2236"]
[BlackElo "2541"]
[PlyCount "61"]
[EventDate "2009.12.01"]
[EventType "tourn"]
[EventRounds "9"]
[EventCountry "ESP"]
[Source "lmi"]
[SourceDate "2009.12.01"]

1. e4 g6 2. d4 d6 3. Nc3 c6 4. f4 Qb6 5. Nf3 Bg4 6. Bc4 Nh6 7. Bb3 Bg7 8. Be3
d5 9. Qd2 dxe4 10. Ne5 Bc8 11. Nxe4 O-O 12. h3 Nf5 13. g4 Nd6 14. Nf2 a5 15. a4
Na6 16. h4 Nc7 17. h5 Nd5 18. hxg6 hxg6 19. Nfd3 Rd8 20. O-O-O Ne4 21. Qh2 Nef6
22. Rde1 Bxg4 23. Nxg4 Nxg4 24. Qh7+ Kf8 25. Ne5 Ngf6 26. Nxg6+ fxg6 27. Qxg6
e6 28. f5 Ne7 29. Rh8+ Neg8 30. fxe6 Qc7 31. Rf1 1-0

[Event "4. Torneo Puente Foral - Grupo B"]
[Site "Pamplona ESP"]
[Date "2009.12.03"]
[Round "4.1"]
[White "Moreno Gracia, Daniel"]
[Black "Movsziszian, Karen"]
[Result "0-1"]
[WhiteElo "2323"]
[BlackElo "2541"]
[PlyCount "62"]
[EventDate "2009.12.01"]
[EventType "tourn"]
[EventRounds "9"]
[EventCountry "ESP"]
[Source "lmi"]
[SourceDate "2009.12.01"]

1. c4 g6 2. Nc3 Bg7 3. Nf3 d6 4. g3 e5 5. Bg2 f5 6. d3 Nf6 7. O-O O-O 8. Rb1 h6
9. b4 Nc6 10. b5 Ne7 11. c5 Be6 12. Ba3 Rc8 13. Rc1 b6 14. cxd6 cxd6 15. Qa4
Qd7 16. Qb4 Rc5 17. Na4 e4 18. dxe4 fxe4 19. Nd4 Bxa2 20. Qd2 Bf7 21. Nc3 Rh5
22. h4 g5 23. Nc6 Ned5 24. hxg5 hxg5 25. Nxe4 Nxe4 26. Bxe4 Qh3 27. Rfd1 Be6
28. e3 Qh2+ 29. Kf1 Bh3+ 30. Ke2 Rxf2+ 31. Kd3 Bf1+ 0-1

[Event "4. Torneo Puente Foral - Grupo B"]
[Site "Pamplona ESP"]
[Date "2009.12.03"]
[Round "4.2"]
[White "Fayard, Alain"]
[Black "Martin Alvarez, Inigo"]
[Result "0-1"]
[WhiteElo "2253"]
[BlackElo "2236"]
[PlyCount "106"]
[EventDate "2009.12.01"]
[EventType "tourn"]
[EventRounds "9"]
[EventCountry "ESP"]
[Source "lmi"]
[SourceDate "2009.12.01"]

1. d4 d5 2. c4 c6 3. Nf3 Nf6 4. Nc3 dxc4 5. a4 Bf5 6. Ne5 Nbd7 7. Nxc4 Qc7 8.
g3 e5 9. dxe5 Nxe5 10. Bf4 Nfd7 11. Qc1 Be6 12. Nxe5 Nxe5 13. Bg2 Qa5 14. O-O
f6 15. Qc2 O-O-O 16. Rfd1 Bc5 17. Ne4 Bb4 18. h4 h6 19. h5 Bg4 20. Be3 Bxh5 21.
Nc5 Bg6 22. Rxd8+ Rxd8 23. Qc1 Bd2 24. Bxd2 Qxd2 25. Ne6 Qxc1+ 26. Rxc1 Rd2 27.
b4 Rxe2 28. Bh3 Kb8 29. Rd1 Rd2 30. Rxd2 Nf3+ 31. Kf1 Nxd2+ 32. Ke2 Ne4 33. a5
Nc3+ 34. Ke3 Nd5+ 35. Kd4 Nxb4 36. Nxg7 Kc7 37. Bf5 Bf7 38. Be4 b6 39. axb6+
axb6 40. g4 c5+ 41. Kc3 b5 42. f3 Nd5+ 43. Bxd5 Bxd5 44. f4 b4+ 45. Kb2 c4 46.
Ne8+ Kc6 47. Nxf6 Kc5 48. g5 hxg5 49. fxg5 c3+ 50. Kc2 Bf7 51. Nd7+ Kd4 52. Nf8
b3+ 53. Kd1 Bd5 0-1

[Event "4. Torneo Puente Foral - Grupo B"]
[Site "Pamplona ESP"]
[Date "2009.12.03"]
[Round "4.3"]
[White "Pogorelov, Ruslan"]
[Black "Lyell, Mark"]
[Result "1/2-1/2"]
[WhiteElo "2469"]
[BlackElo "2245"]
[PlyCount "133"]
[EventDate "2009.12.01"]
[EventType "tourn"]
[EventRounds "9"]
[EventCountry "ESP"]
[Source "lmi"]
[SourceDate "2009.12.01"]

1. Nf3 Nc6 2. d4 d5 3. c4 e5 4. dxe5 d4 5. g3 Nge7 6. Nbd2 Ng6 7. Bg2 Ngxe5 8.
O-O Be7 9. Nxe5 Nxe5 10. Qa4+ c6 11. b4 O-O 12. b5 Bg4 13. Bb2 Bf6 14. f4 Ng6
15. Rfe1 d3 16. Bxf6 Qxf6 17. exd3 Qd4+ 18. Kh1 Qxd3 19. Ne4 Bf3 20. bxc6 bxc6
21. Qb3 Bxg2+ 22. Kxg2 Qd7 23. Rad1 Qg4 24. Nf2 Qf5 25. Qd3 Qa5 26. Qe4 Rfd8
27. Qxc6 Qxa2 28. Rd7 Nf8 29. Rc7 Rab8 30. Qc5 Qc2 31. Qe7 Qg6 32. Rxa7 Rd2 33.
Re2 Qc6+ 34. Kh3 Qh6+ 35. Kg2 Qc6+ 36. Kg1 Rb1+ 37. Re1 Rxe1+ 38. Qxe1 Rc2 39.
Qe4 Qxc4 40. Qxc4 Rxc4 41. Ng4 f6 42. Ne3 Rc3 43. Kf2 h5 44. Nf5 Rc2+ 45. Ke3
g6 46. Nh6+ Kh8 47. h4 Rc3+ 48. Kf2 Rc2+ 49. Kf3 Rc3+ 50. Kg2 Rd3 51. Nf7+ Kg8
52. Nh6+ Kh8 53. f5 Rd7 54. Rxd7 Nxd7 55. fxg6 Kg7 56. Nf5+ Kxg6 57. Ne7+ Kf7
58. Nd5 f5 59. Kf3 Kg6 60. Kf4 Nc5 61. Ke5 Nd3+ 62. Kd4 Nf2 63. Ke5 Nd3+ 64.
Kd6 f4 65. Nxf4+ Nxf4 66. gxf4 Kf5 67. Kd5 1/2-1/2

[Event "4. Torneo Puente Foral - Grupo B"]
[Site "Pamplona ESP"]
[Date "2009.12.03"]
[Round "4.4"]
[White "Navarrete Delgado, Sergio"]
[Black "Forcen Esteban, Daniel"]
[Result "1/2-1/2"]
[WhiteElo "2241"]
[BlackElo "2327"]
[PlyCount "91"]
[EventDate "2009.12.01"]
[EventType "tourn"]
[EventRounds "9"]
[EventCountry "ESP"]
[Source "lmi"]
[SourceDate "2009.12.01"]

1. e4 c5 2. Nf3 d6 3. d4 cxd4 4. Nxd4 Nf6 5. Nc3 a6 6. Be3 e5 7. Nb3 Be6 8. Qd2
Be7 9. f4 Ng4 10. f5 Bxb3 11. axb3 Nxe3 12. Qxe3 Bg5 13. Qf2 Nc6 14. Nd5 O-O
15. h4 Bh6 16. Rh3 Rc8 17. f6 Kh8 18. c3 gxf6 19. Qf5 Rg8 20. Nxf6 Rg6 21. Nd5
Qg8 22. g4 Bf4 23. g5 Re6 24. Rd3 Rd8 25. Bh3 Qg6 26. Qxg6 Rxg6 27. Bf5 Rg7 28.
Rad1 h6 29. Nf6 hxg5 30. h5 g4 31. Kf2 Bg5 32. h6 Bh4+ 33. Kg2 Rg5 34. Rxd6 Rf8
35. Nd7 Rfg8 36. h7 Re8 37. Nf6 Rf8 38. Nxg4 Rh5 39. Rh1 Ne7 40. Rh6 Rxh6 41.
Nxh6 Bg5 42. Ng4 Nxf5 43. exf5 f6 44. Rd1 Rf7 45. Nf2 Kxh7 46. Ne4 1/2-1/2

[Event "4. Torneo Puente Foral - Grupo B"]
[Site "Pamplona ESP"]
[Date "2009.12.03"]
[Round "4.5"]
[White "Cruz, Jonathan"]
[Black "Astasio Lopez, David"]
[Result "1/2-1/2"]
[WhiteElo "2343"]
[BlackElo "2340"]
[PlyCount "52"]
[EventDate "2009.12.01"]
[EventType "tourn"]
[EventRounds "9"]
[EventCountry "ESP"]
[Source "lmi"]
[SourceDate "2009.12.01"]

1. d4 d5 2. Nf3 Nf6 3. g3 e6 4. Bg2 Bd6 5. O-O O-O 6. c4 c6 7. Nc3 Nbd7 8. Qd3
Qe7 9. e4 dxc4 10. Qxc4 e5 11. Be3 Nb6 12. Qb3 Be6 13. Qc2 Ng4 14. dxe5 Nxe3
15. exd6 Nxc2 16. dxe7 Rfe8 17. Rab1 Rxe7 18. Rfd1 Nb4 19. b3 a5 20. Nd4 Bg4
21. f3 Bd7 22. Rd2 g6 23. Bf1 Na6 24. Nc2 Be6 25. Ne3 Nc5 26. Rbd1 Rae8 1/2-1/2